Interactions I = Bài tập luyện nghe tiếng Anh /
Bewaard in:
| Hoofdauteur: | |
|---|---|
| Formaat: | Boek |
| Taal: | Vietnamese |
| Gepubliceerd in: |
TP Hồ Chí Minh
1997
|
| Tags: |
Voeg label toe
Geen labels, Wees de eerste die dit record labelt!
|
| Thư viện lưu trữ: | Mạng thư viện Đại học Đà Nẵng |
|---|
| LEADER | 00682nam a2200265 4500 | ||
|---|---|---|---|
| 001 | 000028229 | ||
| 003 | TA-J | ||
| 005 | 20150403120000.0 | ||
| 008 | 150403s vm 000 vie | ||
| 020 | |c 0,0000 | ||
| 040 | |a notts | ||
| 100 | |a Tanka, Judith | ||
| 245 | |a Interactions I = Bài tập luyện nghe tiếng Anh / |c Judith Tanka, Paul Most ; Lê Huy Lâm dịchvà chú giải. | ||
| 260 | |b TP Hồ Chí Minh |c 1997 | ||
| OWN | |a LTT | ||
| 999 | |a From the UDN01 | ||
| TYP | |a Monograph | ||
| TYP | |a Printed language | ||
| 980 | |a Mạng thư viện Đại học Đà Nẵng | ||